000 00692nam a22002177a 4500
003 UA-OsUOA
001 63628
007 ta
008 20091012b un ||||| |||| 00| 0 ukr d
090 _a311.313(477.81)
_bЗ-35
942 _cBK
040 _aUA-OsUOA
_bukr
_cUA-OsUOA
_dUA-OsUOA
245 _aЗаробітна плата та стан її виплати у квітні 2009 року
_bЕкспрес-бюлетень
_cМельник Л.М.
300 _a52 с.
955 _a2
041 _aukr
080 _a311.313(477.81)
260 _aРівне
_bГУС
_c2009
650 7 _a311 Статистика як наука. Теорія статистики
_2UDC
999 _c349627
_d349627